| 000 | 03983nam a2200265 4500 | ||
|---|---|---|---|
| 001 | 2162214035925347 | ||
| 003 | UA-OsUOA | ||
| 005 | 20241001151547.0 | ||
| 008 | 241001b un ||||| m||| 00| 0 ukr d | ||
| 040 |
_aUA-OsUOA _bukr _cUA-OsUOA _dUA-OsUOA |
||
| 041 | _aukr | ||
| 080 | _a347.97/99 | ||
| 090 | _a347.97/99 | ||
| 095 |
_a12.00.10 _bсудоустрій; прокуратура та адвокатура |
||
| 100 |
_aХолоденко Н. О. _916348 |
||
| 245 |
_aОрганізація наукового забезпечення діяльності судів _cХолоденко Наталія Олександрівна ; наук. керівник Погорецький Микола Анатолійович |
||
| 260 |
_aКиїв _c2021 |
||
| 300 | _a18 с. | ||
| 502 |
_6Автореферат дисертації на здобуття наукового ступеня кандидата юридичних наук
_cКиївський національний університет імені Тараса Шевченка _d2021 |
||
| 520 | _aУ дисертаційному дослідженні здійснено комплексний аналіз системи організації наукового забезпечення діяльності судів, що ґрунтується на наявному теоретичному доробку наук судоустрою, процесуального права, теорії держави і права, філософії та інших, положеннях національного законодавства, практиці вітчизняних судів та Європейського суду з прав людини, наявних статистичних даних. Як результат, сформульовано та обґрунтовано ряд важливих для розвитку науки судоустрою та практики судової діяльності теоретичних положень, а також пропозиції до чинного законодавства, які здатні удосконалити процес правозастосування. З урахуванням авторських позицій витлумачено ключові для досліджуваної сфери дефініції. Так, запропоновано авторське розуміння поняття «наукове забезпечення діяльності судів», визначено його мету та характерні ознаки. Обґрунтовано позицію, відповідно до якої організація наукового забезпечення діяльності судів базується на таких принципах як науковість, етичність, інформаційність, принцип належної організації. Диференційовано рівні та напрями наукового забезпечення діяльності судів. Запропоновано класифікацію: функцій, суб’єктів і форм наукового забезпечення; судової діяльності як об’єкта наукового забезпечення; дайджестів судової практики Верховного Суду. Проаналізовано науковий потенціал судової влади, перспективи його розвитку, а також взаємодії з науковою спільнотою з метою забезпечення ефективності діяльності судової системи. | ||
| 630 |
_a34 Право _916349 |
||
| 650 | _2UDC | ||
| 942 |
_2udc _cAR |
||
| 999 |
_c577381 _d577381 |
||